[Event "Marseille op 2nd "]
[Site "Marseille"]
[Date "2009.12.29"]
[Round "8"]
[White "Mosse, Laurent"]
[Black "Colandrea, Sauveur"]
[Result "0-1"]
[WhiteElo "1630"]
[BlackElo "1870"]
[PlyCount "56"]
[EventDate "2009.12.26"]
[EventType "swiss"]
[EventRounds "9"]
[EventCountry "FRA"]
[SourceTitle "CBM 134 Extra"]
[Source "ChessBase"]
[SourceDate "2010.03.03"]
[SourceVersion "1"]
[SourceVersionDate "2010.03.03"]
[SourceQuality "1"]

1. e4 Nf6 2. e5 Nd5 3. d4 d6 4. exd6 cxd6 5. Nf3 g6 6. Be2 Bg7 7. 0-0 0-0 8. c4 Nb6 9. d5 Qc7 10. Nbd2 Bf5 11. Nh4 Bd7 12. Rb1 g5 13. Nhf3 Bf5 14. Nxg5 Bxb1 15. Nxb1 N8d7 16. Bd3 Nf6 17. Qc2 h6 18. Nh7 Nxh7 19. Bxh7+ Kh8 20. b3 e6 21. dxe6 fxe6 22. Qe4 d5 23. cxd5 Nxd5 24. Ba3 Nf6 25. Qxe6 Rfe8 26. Qh3 Kxh7 27. Qf5+ Kh8 28. Rc1 Qxc1+ 0-1